000 00627nam a22002057a 4500
005 20260602101551.0
010 _aENG-148691
020 _a9789349042285
_c599.00
035 _aEN-132223
037 _bDBAD
082 _a347.972
_21
100 _aBedi, Shruti
_984525
245 _aIn Her Honour/
_cShruti Bedi [and] Navdeep Singh
250 _a1
260 _aChandigarh
_bThe Browser
_c2026
270 _bChandigarh
_aSCO 14-15, Sector 8-C
_e160009
_mservice@thebrowser.org
300 _a178p.
_c22cm(hb)
500 _aStories of India's First Women High Court Judges
942 _2ddc
_cEN
_h347.972
_mBED
999 _c216441
_d216441